000 00955nam a2200301 i 4500
001 8482
003 KOSZ 005
005 20190827112944.0
008 070916s1969 pl a g e 001 0 pol
015 _aPB 1969/8120
040 _aWA N
_cKOSZ 005/ID
_dKOSZ 005/ID
_dKOSZ 005/HR
046 _k1969
080 _a62
080 _a(03)
245 0 0 _aMała encyklopedia techniki /
_c[red. nacz. Adam Tadeusz Troskolański].
250 _aWyd. 3 zm. i uzup.
260 _aWarszawa :
_bPaństwowe Wydawnictwo Naukowe,
_c1969.
300 _a1671 s., [19] k. tabl. :
_bil. ;
_c18 cm.
380 _aKsiążki.
388 _a1901-2000
504 _aIndeks.
658 _aInżynieria i technika
655 4 _aEncyklopedia
650 4 _aTechnika
700 _aTroskolański, Adam Tadeusz
_d(1901-1982)
_eRedakcja
856 _uhttp://koha.tu.koszalin.pl/cgi-bin/koha/opac-detail.pl?biblionumber=8482
_yKatalog online BPK
942 _2UKD
_cKS
999 _c8482
_d8482